Revitalizácia Stupavského zámockého parku so zameraním na zlepšenie kvality verejného priestoru a riešenie následkov povodní

Gespeichert in:
Bibliographische Detailangaben
1. Verfasser: Dzhuhan, Ivan (Verfasst von)
Weitere Verfasser: Štefunková, Zuzana (Betreuung Doktorarbeit)
Format: Manuskript Buch
Sprache:Slowakisch
Veröffentlicht: 2025
Schlagworte:
Online-Zugang:http://is.stuba.sk/zp/portal_zp.pl?podrobnosti=185684
CRZP
Tags: Tag hinzufügen
Keine Tags, Fügen Sie das erste Tag hinzu!

MARC

LEADER 00000ntm a22000003a 4500
001 stuzp103368
003 SK-STU
005 20250722144938.7
007 ta
008 150427s2015----xo-----f-mn---000-0-slo-d
040 |a STU  |b slo 
041 0 |a slo 
100 1 |a Dzhuhan, Ivan  |u 010160  |4 aut  |U SvF Stavebná fakulta  |T SvF Katedra vodného hospodárstva krajiny  |X 112755  |U V160  |Y 16  |7 112755 
242 0 1 |a Revitalization of Stupava Castle Park with a focus on improving the quality of public space and dealing with the consequences of floods  |y eng 
245 1 0 |a Revitalizácia Stupavského zámockého parku so zameraním na zlepšenie kvality verejného priestoru a riešenie následkov povodní 
260 |c 2025 
650 4 |a mansion  |2 eng 
650 4 |a Stupava  |2 eng 
650 4 |a social services home  |2 eng 
650 4 |a revitalization  |2 eng 
650 4 |a historical park  |2 eng 
650 4 |a landscape park  |2 eng 
650 4 |a revitalizácia  |2 slo 
650 4 |a domov sociálnych služieb  |2 slo 
650 4 |a krajinársky park  |2 slo 
650 4 |a Stupava  |2 slo 
650 4 |a historický park  |2 slo 
650 4 |a kaštieľ  |2 slo 
700 1 |a Štefunková, Zuzana  |u 010160  |k Z1  |4 ths  |U SvF Stavebná fakulta  |T SvF Katedra vodného hospodárstva krajiny  |X 12513  |U V160  |Y 16  |7 A000012513 
856 4 |u http://is.stuba.sk/zp/portal_zp.pl?podrobnosti=185684 
856 4 |u https://opac.crzp.sk/?fn=detailBiblioForm&sid=226A7A544DA3649F6D5538E9F6D0  |z CRZP